=LDR 00000nam 2200000 4500 =001 INLIS000000000040728 =005 20130612150304 =008 ***********************************ind** =035 ##$$0010-061300000040728 =041 ##$$a ind =082 ##$$a 813 =090 ##$$a 813 , Dee ,m =100 ##$$a DEE =245 ##$$a Madne , Kumpulan Cerita , Dee =260 ##$$a 2011 $b Yogyakarta =300 ##$$a viv,162 hlm. , 21 cm =650 ##$$a FIKSI =850 ##$$a NBPNMAT